Click the BoyWithUke Song Title Ending - Statistics

General Stats
  • This quiz has been taken 255 times
  • The average score is 23 of 26
Answer Stats
Hint Answer % Correct
Hazel Eyes
95%
Route 9
94%
Scared Of The Dark
94%
Zoning Out
94%
Far Away
93%
Bok Choy
92%
Long Drives
91%
Haha Hi
91%
Heart Of Ice
91%
She Said No
91%
Let Me Down
90%
Two Moons
90%
King Of Nothing
90%
Animal Crackers
89%
Sleep Deprived
89%
Blurry Nights
89%
I Wish
87%
Letter For My Bed
84%
So Cold
83%
Bad Luck
83%
Small Fry
82%
Out Of Reach
82%
Sick Of U
82%
Tired Of Wanting You
81%
Kind Of Sick Of Life
80%
Forget Me
79%
No matching quizzes found
Score Distribution
Percent of People with Each Score
Percentile by Number Answered
Your Score History
You have not taken this quiz